| 000 | 00529nam a2200133Ia 4500 | ||
|---|---|---|---|
| 008 | 171212s9999 xx 000 0 und d | ||
| 020 | _a9781925021837 | ||
| 100 | _aStrezova, Anita | ||
| 245 |
_cStrezova, Anita _aHesychasm and Art _bThe Appearance of New Iconographic Trends in Byzantine and Slavic Lands in the 14th and 15th Centuries |
||
| 260 |
_bANU E Press _c2014 |
||
| 650 | _aArt & Art History | ||
| 650 | _aHesychasm -- In art; Mysticism and art; Christianity and art | ||
| 856 | _uhttp://www.jstor.org/stable/j.ctt13www4f | ||
| 999 |
_c351141 _d351141 |
||